• 首页
  • 本馆介绍
  • 公告通知
  • 最新文献
  • 馆藏检索
  • 电子资源
  • 读者导购
  • 参考咨询
  • 我的图书馆
  • 登录
  • 详细信息显示
  • 放入我的书架
  • 预约/预借图书
  • 作者相关作品
  • 分类相关作品
  • 丛书相关作品
  • 出版社相关作品

书目信息

  • 表格格式
  • 工作单格式
  • 卡片格式
题名:
土壤诊断速测技术
    
 
作者: ;山东省土壤肥料研究所诊断组 编著
分册:  
出版信息: 北京   人民教育出版社  1977
页数: 129页
开本: 19cm
丛书名: 中学生农机、农技读物
单 册:
中图分类: S158.2
科图分类:
主题词: 土壤肥力--测定
电子资源:
ISBN:
000 00815nam2 2200253 45
001 0177002410
005 20060719085021.18
010    @dCNY0.31
100    @a19951014d1977 em y0chiy0121 ea
101 0  @achi
102    @aCN@b110000
105    @ay z 000yy
200 10 @a土壤诊断速测技术@Atu rang zhen duan su ce ji shu@f山东省土壤肥料研究所诊断组编著
210    @a北京@c人民教育出版社@d1977
215    @a129页@d19cm
225 2  @a中学生农机、农技读物@v9
410  0 @120010@a中学生农机农技读物
517 1  @a中学生农机农技读物@Azhong xue sheng nong ji nong ji du wu
606    @a土壤肥力@x测定
690    @aS158.2@v3
711 02 @a山东省土壤肥料研究所诊断组@Ashan dong sheng tu rang fei liao yan jiu suo zhen duan zu@4编著
801  2 @aCN@bNLC@c20060719
801  0 @aCN@bTSSF
905    @a10447@dS158.2@e30
    
    土壤诊断速测技术/山东省土壤肥料研究所诊断组编著.-北京:人民教育出版社,1977
    129页;19cm.-(中学生农机、农技读物;9)
    
    
    ISBN :CNY0.31
    
●
相关链接 在E读中查询图书 在五车中查询图书 在当当中查询图书 在豆瓣中查询图书


正题名:土壤诊断速测技术     索取号:S158.2/30         预约/预借

序号 登录号 条形码 馆藏地/架位号 状态 备注
1 0437411   204374113   密集书库/ [索取号:S158.2/30] 在馆    
2 0437412   204374122   密集书库/ [索取号:S158.2/30] 在馆    
唐山师范学院图书馆 欢迎您!
大连网信软件有限公司© 版权所有